000 00536nam a2200193Ia 4500
008 131103s9999 xx 000 0 und d
020 _a8171781322
_cRs.40.00
040 _aLoreto College
041 _aEnglish
082 _a891.431/KAB-DWI
_bLCLIB/37457
100 _aDwivedi,Hazari Prasad
245 _aKabir
_bA critical study
_cHazari Prasad Dwivedi
260 _aNew Delhi
_bRajkamal Prakashan
_c1971
300 _a280 p.
_c 18 cm.
650 _aKabir
651 _aHindi Poetry - Criticism
850 _aLCLIB
942 _cBK
999 _c18546
_d69025